[Event "Let's Play Chess!"]
[Site "http://www.queenalice.com/game.php?id=1475590"]
[Date "2017.4.28"]
[Round "-"]
[White "tiltonblue"]
[Black "carlosufpe"]
[Result "1-0"]
[WhiteElo "1430"]
[BlackElo "1635"]

1. e4 d6 2. d4 c5 3. d5 Nf6 4. Nc3 Qa5 5. Bd2 Qd8 6. h3 e5 7. Bd3 Be7 8. Nf3 O-O
9. Qe2 Nbd7 10. Nh2 a6 11. g4 b5 12. Qe3 Bb7 13. Rg1 c4 14. Be2 Nc5 15. h4 Nfd7
16. g5 g6 17. h5 Kg7 18. h6+ Kg8 19. a3 f6 20. gxf6 Bxf6 21. Rb1 Bh4 22. Rg2 Qf6
23. Nf3 Bc8 24. Rg4 Bxf2+ 25. Qxf2 Qf7 26. Be3 Nf6 27. Rh4 Bg4 28. Ng5 Qd7 29.
Qg1 Bxe2 30. Nxe2 Ncxe4 31. Nxe4 Nxe4 32. Rxe4 Qf5 33. Ng3 Qh3 34. Kd2 Rf3 35.
Nh1 Raf8 36. Nf2 Qg3 37. Qxg3 Rxg3 38. Re1 Rff3 39. Re2 Kf7 40. Ng4 1-0

[Event "Let's Play Chess!"]
[Site "http://www.queenalice.com/game.php?id=1475592"]
[Date "2017.4.28"]
[Round "-"]
[White "tiltonblue"]
[Black "josebaron"]
[Result "0-1"]
[WhiteElo "1505"]
[BlackElo "2074"]

1. e4 e5 2. Nf3 Nc6 3. c3 Nf6 4. d3 Be7 5. h3 h6 6. a3 O-O 7. Be3 d6 8. Be2 d5
9. Qc2 dxe4 10. dxe4 Nh7 11. Nbd2 Ng5 12. Nh2 a6 13. O-O-O Bd6 14. Nc4 Qe7 15.
h4 Nh7 16. g3 f5 17. Qb3 Kh8 18. Qc2 fxe4 19. Qxe4 Bf5 20. Qg2 Bc5 21. g4 Be6
22. h5 Ng5 23. Bd3 Bxe3+ 24. fxe3 Rad8 25. Qe2 e4 26. Bc2 Rxd1+ 27. Rxd1 Bxc4
28. Qxc4 Rf2 29. Bb3 Qf8 30. Nf1 Na5 31. Qg8+ Qxg8 32. Bxg8 Kxg8 33. Rd8+ Kh7
34. Nd2 Nf3 35. Nxe4 Nb3+ 36. Kd1 Rxb2 37. Rd7 Kg8 38. Rxc7 Nbd2 39. Nc5 Nc4 40.
Nxb7 Nxe3+ 41. Kc1 Ra2 42. Nc5 Rxa3 43. Ne6 a5 44. Rxg7+ Kh8 45. Rf7 Rxc3+ 46.
Kb2 Rc2+ 47. Kb3 Ng5 48. Rf8+ Kh7 49. Nd4 Rc4 50. Rf4 a4+ 0-1

[Event "Let's Play Chess!"]
[Site "http://www.queenalice.com/game.php?id=1475593"]
[Date "2017.4.28"]
[Round "-"]
[White "ulisses34"]
[Black "tiltonblue"]
[Result "0-1"]
[WhiteElo "1655"]
[BlackElo "1100"]

1. e4 e5 2. Nf3 d6 3. c3 a6 4. d3 h6 5. Nbd2 Nc6 6. Nc4 Be6 7. b4 Be7 8. Be2 Nf6
9. Nh4 Nxe4 10. Ng6 Nxc3 11. Qd2 Nxe2 12. Nxh8 Nxc1 13. Rxc1 Bg5 14. Ne3 Kd7 15.
Nxf7 Bxf7 16. O-O d5 17. Qe2 d4 18. Nc4 Bxc1 19. Rxc1 Qg5 20. Re1 Re8 21. Qf3
Qf6 22. Qe4 b5 23. Na5 Nxb4 24. Re2 Bd5 25. Qg4+ Re6 26. Qh3 Bxa2 27. Nc4 bxc4
28. dxc4 Bxc4 29. Rd2 Qg5 30. Rd1 Nd5 31. Qf3 d3 32. Qe4 Nc3 33. Qxc4 Nxd1 34.
Qa4+ Rc6 0-1

[Event "AUTO-OPEN-3799"]
[Site "http://www.queenalice.com/game.php?id=1477197"]
[Date "2017.5.8"]
[Round "1"]
[White "tiltonblue"]
[Black "Alex_ac"]
[Result "1-0"]
[WhiteElo "1356"]
[BlackElo "1473"]

1. e4 e5 2. Nf3 Nf6 3. d3 d6 4. h3 g6 5. a3 Nh5 6. Nc3 Bg7 7. Be3 O-O 8. Qd2 a6
9. Bh6 c6 10. Bxg7 Kxg7 11. d4 f6 12. d5 c5 13. Nh2 f5 14. exf5 Bxf5 15. g4 Bxg4
16. Nxg4 g5 17. Ne4 Rf4 18. Bg2 Nd7 19. Nxd6 Rd4 20. Nf5+ Kf7 21. Nxd4 exd4 22.
O-O-O Nf4 23. Bf3 h5 24. Nh2 Ne5 25. d6 Rb8 26. h4 Nc4 27. Bxh5+ Nxh5 28. Qe2
Nxd6 29. Qxh5+ Kf6 30. Qxg5+ Kf7 31. Qxc5 Rc8 32. Qxd4 Qc7 33. c3 Nf5 34. Qd5+
Kf6 35. Ng4+ Kg6 36. Qe6+ Kg7 37. Rd7+ Qxd7 38. Qxd7+ 1-0

[Event "AUTO-OPEN-3799"]
[Site "http://www.queenalice.com/game.php?id=1477198"]
[Date "2017.5.8"]
[Round "1"]
[White "Alex_ac"]
[Black "tiltonblue"]
[Result "0-1"]
[WhiteElo "1492"]
[BlackElo "1248"]

1. Nf3 d5 2. d4 h6 3. g3 Nc6 4. Bg2 Bf5 5. O-O e6 6. Nfd2 Nxd4 7. c3 Nc2 8. Nb3
Nxa1 9. Nxa1 Bxb1 10. Bf4 Bf5 11. Nb3 c6 12. h3 Bd6 13. Be3 Nf6 14. Bd4 e5 15.
Be3 Qd7 16. Na5 Bxh3 17. f3 Bxg2 18. Kxg2 b6 19. Nb3 e4 20. Bd4 exf3+ 21. exf3
O-O-O 22. f4 Ne4 23. Bxg7 Rhg8 24. Bxh6 Rxg3+ 25. Kh1 Qh3# 0-1

[Event "AUTO-OPEN-3799"]
[Site "http://www.queenalice.com/game.php?id=1477199"]
[Date "2017.5.8"]
[Round "1"]
[White "tiltonblue"]
[Black "goldenboy"]
[Result "0-1"]
[WhiteElo "1650"]
[BlackElo "2209"]

1. e4 e5 2. Nf3 Nc6 3. c3 Nf6 4. d3 Bc5 5. h3 d5 6. exd5 Nxd5 7. a3 Bf5 8. b4
Bd6 9. c4 Nf6 10. c5 Be7 11. Bb2 e4 12. Nh4 Qd7 13. d4 Nd5 14. Nxf5 Qxf5 15. Bc4
e3 16. O-O exf2+ 17. Rxf2 Qd7 18. Qf3 Nf6 19. Qd3 O-O-O 20. Bxf7 Nxd4 21. Rf4
Nc6 22. Qxd7+ Kxd7 23. Nd2 Kc8 24. Be6+ Kb8 25. Nc4 Rhf8 26. Kh1 Nh5 27. Rg4 Bf6
28. Re1 Bxb2 29. Nxb2 Rd2 30. Nc4 Rd4 31. Rxd4 Nxd4 32. Bg4 Ng3+ 33. Kh2 Ngf5
34. Bxf5 Nxf5 35. Rf1 Rf6 36. Re1 a6 37. Re8+ Ka7 38. Re1 Rg6 39. g4 Nd4 40. Re4
Nf3+ 41. Kg3 Ng5 42. Re3 Re6 43. Rd3 Re7 44. h4 Ne4+ 45. Kf3 Nf6 46. g5 Nh5 47.
Rd4 g6 48. Rd3 Ng7 49. Ne3 Rf7+ 50. Kg4 Ne6 51. Kg3 Nf4 52. Rd2 Nh5+ 53. Kh2 Rf4
54. Ng2 Rf3 55. Rd7 c6 56. Rxh7 Rxa3 0-1

[Event "AUTO-OPEN-3799"]
[Site "http://www.queenalice.com/game.php?id=1477200"]
[Date "2017.5.8"]
[Round "1"]
[White "goldenboy"]
[Black "tiltonblue"]
[Result "1-0"]
[WhiteElo "2210"]
[BlackElo "1650"]

1. e4 e5 2. f4 exf4 3. Nf3 Bd6 4. e5 Be7 5. Bc4 d6 6. d4 d5 7. Bb3 Bh4+ 8. Kf1
Bd7 9. Bxd5 Bb5+ 10. c4 Ba6 11. Nc3 c6 12. Be4 Bxc4+ 13. Bd3 Bxd3+ 14. Qxd3 Bg5
15. Qf5 Be7 16. Bxf4 g6 17. Qe4 f5 18. exf6 Nxf6 19. Qe6 Qd7 20. Qe5 Qf5 21.
Qxf5 gxf5 22. Re1 Nbd7 23. Bd6 Ng8 24. Nh4 Kd8 25. Nxf5 Bxd6 26. Nxd6 Kc7 27.
Nce4 Ngf6 28. g3 Raf8 29. Kg2 Nd5 30. Nc4 Rhg8 31. Rhf1 Rxf1 32. Kxf1 Nb4 33. a3
Nc2 34. Rd1 b5 35. Rd2 Nxd4 36. Rxd4 bxc4 37. Rxc4 Ne5 38. Ra4 Kb6 39. Kg2 c5
40. Nd6 a6 41. Rh4 Rd8 42. Rh6 Kc7 43. Ne4 c4 44. Rxh7+ Kb6 45. Re7 Nd3 46. Re6+
Ka5 47. Nd6 Rb8 48. Nxc4+ Kb5 49. Nd6+ Kc5 50. b4+ Kd5 51. Re3 Ne5 52. Nf5 Nc4
53. Rd3+ Ke6 54. Ne3 Ne5 55. Rd4 Nc6 56. Rh4 Kd7 57. Nc4 Re8 58. Rh7+ Ke6 59.
Rh6+ Kd7 60. Nb6+ Kc7 61. Nd5+ Kb7 62. Rh7+ Kb8 63. Nc7 Re2+ 64. Kf3 Ra2 65.
Nxa6+ 1-0

[Event "OS INCLIVEIS"]
[Site "http://www.queenalice.com/game.php?id=1478939"]
[Date "2017.5.20"]
[Round "-"]
[White "adelio"]
[Black "tiltonblue"]
[Result "1-0"]
[WhiteElo "1470"]
[BlackElo "1100"]

1. d4 d5 2. e4 dxe4 3. Nc3 Bf5 4. f3 exf3 5. Qxf3 Bc8 6. Be3 c6 7. Bc4 e6 8. h4
h6 9. Nge2 Be7 10. g3 Qc7 11. O-O Bd7 12. Rad1 f6 13. Qh5+ Kd8 14. Qf7 e5 15.
Qxg7 exd4 16. Rxd4 c5 17. Qxh8 cxd4 18. Qxg8+ Be8 19. Bf7 Qc6 20. Nxd4 Qd7 21.
Ne6+ Qxe6 22. Qxe8+ 1-0

[Event "OS INCLIVEIS"]
[Site "http://www.queenalice.com/game.php?id=1478940"]
[Date "2017.5.20"]
[Round "-"]
[White "tiltonblue"]
[Black "adelio"]
[Result "1-0"]
[WhiteElo "1093"]
[BlackElo "1472"]

1. e4 a6 2. Bc4 e6 3. Nf3 d6 4. h3 b5 5. Be2 Nc6 6. a3 Bb7 7. d3 Be7 8. Nc3 Nf6
9. Be3 O-O 10. Qd2 Ne5 11. Nh2 g6 12. Rg1 d5 13. Bf4 dxe4 14. Bxe5 exd3 15. Bxd3
c5 16. Qh6 c4 17. Be2 Qb6 18. g4 Rac8 19. g5 Rc5 20. Bxf6 Bxf6 21. gxf6 Rf5 22.
Qg7# 1-0

[Event "Let's Play 54"]
[Site "http://www.queenalice.com/game.php?id=1479600"]
[Date "2017.5.29"]
[Round "-"]
[White "digger"]
[Black "tiltonblue"]
[Result "0-1"]
[WhiteElo "1716"]
[BlackElo "1555"]

1. d4 d5 2. e3 a6 3. Qf3 Nf6 4. Bd3 Bg4 5. Qg3 e6 6. h3 Bd6 7. f4 Bh5 8. Qxg7
Rg8 9. Qh6 Bf8 10. Qxf8+ Rxf8 11. g4 Bg6 12. Bxg6 fxg6 13. g5 Ne4 14. c3 Nc6 15.
Nd2 Ng3 16. Rh2 Qe7 17. Ndf3 Na7 18. b4 b6 19. a4 c5 20. Ba3 Ne4 21. bxc5 bxc5
22. Ne5 Qc7 23. Ne2 cxd4 24. exd4 Nxc3 25. Rc1 Qa5 26. Nxc3 Rxf4 27. Bc5 Rc8 28.
Rhc2 Rxc5 29. Nd3 Rxc3 30. Rxc3 Rxd4 31. Nc5 Rxa4 32. Kd1 Ra1 33. Nxe6 Qxc3 34.
h4 Rxc1+ 35. Ke2 Rc2+ 36. Kf1 Qa1# 0-1

[Event "Let's Play 55"]
[Site "http://www.queenalice.com/game.php?id=1479601"]
[Date "2017.5.29"]
[Round "-"]
[White "tiltonblue"]
[Black "digger"]
[Result "1-0"]
[WhiteElo "1599"]
[BlackElo "1670"]

1. e4 d5 2. exd5 Qxd5 3. Nc3 Qe5+ 4. Be2 g6 5. d4 Qd6 6. h3 Nf6 7. Nf3 Bf5 8. a3
h6 9. Nb5 Qb6 10. Bf4 Nd5 11. Bc1 c6 12. Nc3 Nxc3 13. bxc3 Nd7 14. Bd2 e6 15.
Nh2 Bd6 16. Nf1 Be7 17. Bc1 O-O-O 18. g4 Be4 19. Rg1 Bh4 20. Nd2 Nf6 21. Nc4 Qc7
22. Ne5 c5 23. Be3 h5 24. g5 Ne8 25. Bd3 Bxd3 26. cxd3 cxd4 27. Bxd4 Rf8 28. Nf3
Qf4 29. Bxa7 e5 30. Be3 Qf5 31. Nxh4 Qxh3 32. Nf3 Qf5 33. Ke2 e4 34. Nd4 Qd5 35.
c4 Qa5 36. dxe4 Nd6 37. e5 Ne4 38. Qd3 Nc3+ 39. Kf1 Rfe8 40. Bd2 Rxe5 41. Bxc3
Qb6 42. Qh3+ Kc7 43. Nb5+ Rxb5 44. cxb5 Qxb5+ 45. Kg2 Qxg5+ 46. Qg3+ Qxg3+ 47.
fxg3 Kc6 48. Rac1 Kb5 49. Rge1 Ka4 50. Re4+ Kb5 51. Rb1+ Ka6 52. Ra4# 1-0

[Event "Let's Play Chess!"]
[Site "http://www.queenalice.com/game.php?id=1479966"]
[Date "2017.5.28"]
[Round "-"]
[White "tiltonblue"]
[Black "paolop69"]
[Result "1-0"]
[WhiteElo "1505"]
[BlackElo "1708"]

1. e4 e5 2. Bc4 Nc6 3. d3 a6 4. Be3 Be7 5. c3 b5 6. Bd5 Bb7 7. Bxc6 Bxc6 8. Nf3
d6 9. Nbd2 h6 10. h3 Bb7 11. a3 Nf6 12. Nh2 Bc8 13. O-O Be6 14. f3 Nh5 15. f4
Ng3 16. Rf3 Bh4 17. f5 Bd7 18. f6 Nh5 19. fxg7 Nxg7 20. Qb3 Be6 21. Qc2 Bg5 22.
Bxg5 Qxg5 23. Ndf1 Nh5 24. Re1 Nf4 25. Kh1 Qh4 26. g3 Qh5 27. gxf4 Bxh3 28. Ng3
Bg4 29. Nxh5 Bxf3+ 30. Nxf3 Ke7 31. fxe5 dxe5 32. Nxe5 Rhg8 33. Qb3 Rg5 34.
Qxf7+ Kd6 35. Qf6+ Kc5 36. Qc6# 1-0

[Event "Let's Play Chess!"]
[Site "http://www.queenalice.com/game.php?id=1481564"]
[Date "2017.6.9"]
[Round "-"]
[White "igorjava"]
[Black "tiltonblue"]
[Result "1-0"]
[WhiteElo "1987"]
[BlackElo "1628"]

1. e4 e5 2. f4 exf4 3. Nf3 d5 4. e5 a6 5. d4 Be6 6. Bxf4 h6 7. a3 Nc6 8. h3 Be7
9. Be2 g5 10. Be3 f5 11. Nh2 Na7 12. Bh5+ Kd7 13. b3 c6 14. Be2 Qc7 15. c4 Qa5+
16. Bd2 Qc7 17. c5 Bf8 18. O-O Ne7 19. a4 Ng6 20. Nc3 Rd8 21. b4 Qb8 22. b5 Nxe5
23. dxe5 Bxc5+ 24. Kh1 Qxe5 25. bxa6 bxa6 26. Bxa6 1-0

[Event "Let's Play Chess!"]
[Site "http://www.queenalice.com/game.php?id=1481565"]
[Date "2017.6.9"]
[Round "-"]
[White "tiltonblue"]
[Black "igorjava"]
[Result "0-1"]
[WhiteElo "1630"]
[BlackElo "1985"]

1. e4 c5 2. Bc4 Nc6 3. d3 e6 4. c3 Nf6 5. h3 a6 6. a3 h6 7. Nf3 d5 8. exd5 exd5
9. Bb3 Be7 10. Bc2 O-O 11. b3 Bd6 12. Qd2 Re8+ 13. Kf1 d4 14. Bb2 dxc3 15. Qxc3
b5 16. b4 Qe7 17. d4 Nxd4 18. Nxd4 cxd4 19. Qd2 Be5 20. Bd3 Bb7 21. Qe2 Qd7 22.
Qd1 Qd5 23. f3 Qd6 24. g4 Nd5 25. Bc1 Bg3 0-1

[Event "AUTO-ADV-3863"]
[Site "http://www.queenalice.com/game.php?id=1484777"]
[Date "2017.7.4"]
[Round "1"]
[White "adriano1953"]
[Black "tiltonblue"]
[Result "1-0"]
[WhiteElo "1958"]
[BlackElo "1626"]

1. d4 d5 2. c4 dxc4 3. e4 Nc6 4. Nf3 b5 5. Nc3 b4 6. Nb5 a6 7. d5 axb5 8. dxc6
Qxd1+ 9. Kxd1 Nf6 10. e5 Ne4 11. Be3 1-0

[Event "AUTO-ADV-3863"]
[Site "http://www.queenalice.com/game.php?id=1484793"]
[Date "2017.7.4"]
[Round "1"]
[White "chessplayer123"]
[Black "tiltonblue"]
[Result "1-0"]
[WhiteElo "1858"]
[BlackElo "1639"]

1. e4 e5 2. Nf3 d6 3. Bc4 h6 4. O-O a6 5. Nc3 Nf6 6. d3 c6 7. a3 b5 8. Ba2 a5 9.
Be3 Be7 10. Ne2 Bb7 11. Ng3 g6 12. Qd2 g5 13. Nf5 Nbd7 14. Ng7+ Kf8 15. Nf5 d5
16. exd5 cxd5 17. Qd1 Qc7 18. Nxe7 Kxe7 19. c3 1-0

[Event "AUTO-ADV-3863"]
[Site "http://www.queenalice.com/game.php?id=1484794"]
[Date "2017.7.4"]
[Round "1"]
[White "tiltonblue"]
[Black "chessplayer123"]
[Result "0-1"]
[WhiteElo "1650"]
[BlackElo "1850"]

1. e4 e5 2. Nf3 d6 3. h3 Nc6 4. c3 Nf6 5. d3 Be7 6. Be3 Be6 7. Qc2 a6 8. d4 exd4
9. cxd4 Bd7 10. Be2 Nb4 11. Qb3 Nc6 12. d5 Ne5 13. Nc3 b5 14. a3 O-O 15. Qc2 c5
16. dxc6 Bxc6 17. O-O-O Nxf3 0-1

[Event "AUTO-ADV-3863"]
[Site "http://www.queenalice.com/game.php?id=1484803"]
[Date "2017.7.4"]
[Round "1"]
[White "mascarade"]
[Black "tiltonblue"]
[Result "0-1"]
[WhiteElo "1749"]
[BlackElo "1632"]

1. e4 e5 2. f4 exf4 3. Nf3 d5 4. e5 Be6 5. d4 g5 6. Nc3 a6 7. Bd3 g4 8. O-O gxf3
9. Qxf3 Nc6 10. Na4 Nxd4 11. Qxf4 Nc6 12. Bf5 Qe7 13. Bxe6 Qxe6 14. Nc5 Bxc5+
0-1

[Event "AUTO-ADV-3863"]
[Site "http://www.queenalice.com/game.php?id=1484804"]
[Date "2017.7.4"]
[Round "1"]
[White "tiltonblue"]
[Black "mascarade"]
[Result "0-1"]
[WhiteElo "1667"]
[BlackElo "1793"]

1. e4 e5 2. Bc4 Nc6 3. d3 b6 4. Nf3 d6 5. h3 h6 6. Be3 Bb7 7. a3 Nf6 8. Nc3 Na5
9. O-O Nxc4 10. dxc4 Nxe4 11. Qd3 Nxc3 12. Nxe5 dxe5 13. Qxc3 Qf6 14. Rad1 Bd6
15. b4 Qg6 16. g3 Bf3 17. Rde1 e4 18. Bxb6 O-O 19. Bxc7 Bxc7 0-1